000 00334nam a2200133Ia 4500
008 150201s2008 xx 000 0 und d
082 _a612.015
_bB08A
100 _aAGARKAR , P.H.
245 2 _aA TB. OF BIOCHEMISTRY FOR NURSING
250 _a1ST
260 _bNIRALI PUB.
_aPUNE
_c2008
650 _aBIOCHEMISTRY
942 _2ddc
_cBK
_019
999 _c1975
_d1975